Catálogo
 En Linea

Apuntes de cancerolojía : (Registro nro. 16735)

Detalles MARC
000 -CABECERA
campo de control de longitud fija 00653nam a2200181 a 4500
001 - NÚMERO DE CONTROL
campo de control 000017210
005 - FECHA Y HORA DE LA ÚLTIMA TRANSACCIÓN
campo de control 20250924073802.0
008 - DATOS DE LONGITUD FIJA--INFORMACIÓN GENERAL
campo de control de longitud fija 100319s1950 dr 000 0 spa d
040 ## - FUENTE DE LA CATALOGACIÓN
Centro catalogador/agencia de origen DO-SdBNP
Lengua de catalogación spa
Centro/agencia transcriptor BNPHU
082 ## - NÚMERO DE LA CLASIFICACIÓN DECIMAL DEWEY
Número de clasificación xxx
Número de documento/Ítem P625a
049 ## - FONDOS LOCALES (OCLC)
Fondos de biblioteca BNPD
100 1# - ENTRADA PRINCIPAL--NOMBRE DE PERSONA
Nombre de persona Pieter, H.
9 (RLIN) 23017
245 10 - MENCIÓN DE TÍTULO
Título Apuntes de cancerolojía :
Resto del título para el prontuario del médico práctico /
Mención de responsabilidad, etc. H. Pieter.
260 ## - PUBLICACIÓN, DISTRIBUCIÓN, ETC.
Lugar de publicación, distribución, etc. Ciudad Trujillo :
Nombre del editor, distribuidor, etc. Universidad de Santo Domingo,
Fecha de publicación, distribución, etc. 1950.
300 ## - DESCRIPCIÓN FÍSICA
Extensión 66 p. ;
Dimensiones 25 cm.
490 1# - MENCIÓN DE SERIE
Mención de serie Publicaciones de la Universidad Autónoma de Santo Domingo
Designación de volumen o secuencia vol. 75
830 ## - PUNTO DE ACCESO ADICIONAL DE SERIE-TÍTULO UNIFORME
Título uniforme Publicaciones de la Universidad Autónoma de Santo Domingo
Designación de volumen o secuencia vol. 75
9 (RLIN) 52
Existencias
Estado de retiro Estado de pérdida No para préstamo Código de colección Localización permanente Ubicación/localización actual Ubicación en estantería Fecha de adquisición Número de inventario Total de préstamos Signatura topográfica completa Código de barras Fecha visto por última vez Precio válido a partir de Tipo de ítem Koha
    Excluido de préstamo Patrimonio Dominicano Patrimonio Dominicano Patrimonio Dominicano En catalogación 19.03.2010 LF1   xxx P625a 17210-10 25.06.2020 25.06.2020 Libro y Folleto Colección Patrimonio Dominicano

Con tecnología Koha